000 00826cam a22002171 4500
001 gs 15000882
003 DLC
005 20260227111318.0
008 891014s1914 ag bf 000 0 spa
010 _ags 15000882
035 _a(OCoLC)20493066
040 _aDLC
_cCU
_dCU
_dDLC
042 _apremarc
050 0 0 _aQE231
_b.A3 no. 10
100 1 _aStieglitz, Otto.
245 0 0 _aContribución a la petrografía de la Precordillera y del Pie de Palo,
_cpor el doctor Otto Stieglitz (con 1 mapa, 1 perfil y 11 láminas microfotográficas)
260 _aBuenos Aires,
_bTalleres gráficos del Ministerio de agricultura,
_c1914.
300 _a97 p.
_bplates, fold. map, profile.
_c27 cm.
410 1 0 _aArgentina.
_bDirección General de Minas y Geología.
_tBoletin
_vno. 10; ser. B (Geologia)
650 0 _aPetrology
_zArgentina.
999 _c25602
_d25602